书目信息 |
| 题名: |
琵琶弹奏与欣赏
|
|
| 作者: | 李乡状 主编 | |
| 分册: | ||
| 出版信息: | 长春 吉林文史出版社 2006.01 |
|
| 页数: | 191页 | |
| 开本: | 21cm | |
| 丛书名: | 文艺经典荟萃 | |
| 单 册: | ||
| 中图分类: | J632.33 | |
| 科图分类: | ||
| 主题词: | 艺术--经典--丛书 , 民族器乐--理论 , 民族乐器--奏法 | |
| 电子资源: | ||
| ISBN: | 7-80702-343-0 | |
| 000 | 00771nam0 2200265 450 | |
| 001 | 012006000000 | |
| 005 | 20070920085749.82 | |
| 010 | @a7-80702-343-0@dCNY22.80 | |
| 100 | @a20070307d2006 em y0chiy0110 ea | |
| 101 | 0 | @achi |
| 102 | @aCN@b220000 | |
| 105 | @ay z 000yy | |
| 200 | 1 | @a琵琶弹奏与欣赏@APi Pa Dan Zou Yu Xin Shang@f李乡状主编@FLi Xiang Zhuang Zhu Bian |
| 210 | @a长春@c吉林文史出版社@c吉林音像出版社@d2006.01 | |
| 215 | @a191页@d21cm | |
| 225 | 2 | @a文艺经典荟萃 |
| 410 | 0 | @12001 @a文艺经典荟萃 |
| 606 | 0 | @a艺术@x经典@j丛书 |
| 606 | 0 | @a民族器乐@x理论 |
| 606 | 0 | @a民族乐器@x奏法 |
| 690 | @aJ632.33@v4 | |
| 701 | 0 | @a李乡状@ALi Xiang Zhuang@4主编 |
| 801 | 0 | @aCN@bBJSWSY@c20070920 |
| 905 | @aBZT@dJ632.33@e2 | |
| 906 | @dCNY22.80@n0@r1 | |
| 琵琶弹奏与欣赏/李乡状主编.-长春:吉林文史出版社:吉林音像出版社,2006.01 |
| 191页;21cm.-(文艺经典荟萃) |
| ISBN 7-80702-343-0:CNY22.80 |
| ● |
| 相关链接 |
|
|
|
正题名:琵琶弹奏与欣赏
索取号:J632.33/2
 
预约/预借
| 序号 | 登录号 | 条形码 | 馆藏地/架位号 | 状态 | 备注 |
| 1 | 582971 | 230159373 | 中心书库中库/ 中库020架B面5列5层45/ [索取号:J632.33/2] | 在馆 | |
| 2 | 582972 | 230159377 | 中心书库中库/ 中库020架B面5列5层44/ [索取号:J632.33/2] | 在馆 | |
| 3 | 582973 | 230159376 | 中心书库中库/ 中库020架B面5列5层42/ [索取号:J632.33/2] | 在馆 | |
| 4 | 582974 | 230159375 | 中心书库中库/ 中库020架B面5列5层41/ [索取号:J632.33/2] | 在馆 | |
| 5 | 582975 | 230159374 | 中心书库中库/ 中库020架B面2列4层33/ [索取号:J632.33/2] | 在馆 | |
| 6 | 582976 | 230159368 | 中心书库中库/ 中库020架B面5列5层48/ [索取号:J632.33/2] | 在馆 | |
| 7 | 582977 | 230159372 | 中心书库中库/ 中库020架B面5列5层49/ [索取号:J632.33/2] | 在馆 | |
| 8 | 582978 | 230159371 | 中心书库中库/ 中库020架B面5列5层43/ [索取号:J632.33/2] | 在馆 | |
| 9 | 582979 | 230159370 | 中心书库中库/ 中库020架B面5列5层47/ [索取号:J632.33/2] | 在馆 | |
| 10 | 582980 | 230159369 | 中心书库中库/ 中库020架B面5列5层46/ [索取号:J632.33/2] | 在馆 |